Statistiken für Berliner Fußballvereine im Profibereich (gesamte Historie)

Klicken Sie hier um das Quiz zu spielen!

Allgemein

  • Dieses Quiz wurde 212 mal gespielt
    (197 seit der letzten Aktualisierung)
  • Das Durchschnittsergebnis liegt bei 6 aus 9

Antwortstatistiken

Höchste SpielklasseVerein% Korrekt
Bundesliga (22/23)Hertha BSC
100%
Bundesliga (aktuell)Union Berlin
100%
Bundesliga (65/66)SC Tasmania 1900 Berlin
83%
3.Liga (21/22)FC Viktoria 1889 Berlin
82%
Bundesliga (76/77)Tennis Borussia Berlin
80%
Bundesliga (86/87)SpVgg Blau-Weiß 90 Berlin
59%
2.Bundesliga (83/84)SC Charlottenburg
26%
2.Bundesliga (75/76)Spandauer SV
25%
2.Bundesliga (78/79)Wacker 04 Berlin
11%

Verteilung der Resultate

Perzentil nach korrekt beantworteten Fragen

Anzahl Personen mit jedem Resultat

Ihre Resultats-Entwicklung

Sie haben dieses Quiz seit der letzten Aktualisierung nicht gespielt